Statistics for NFL team's best RB OAT in 20 Years

Click here to take the quiz!

General Stats

  • This quiz has been taken 19 times
    (2 since last reset)
  • The average score is 14 of 32

Answer Stats

TeamRB% Correct
BearsWalter Payton
100%
VikingsAdrian Peterson
50%
SaintsAlvin Kamara
50%
TexansArian Foster
50%
LionsBarry Sanders
50%
PanthersChristian McCaffrey
50%
BengalsCorey Dillon
50%
JetsCurtis Martin
50%
TitansDerrick Henry
50%
ColtsEdgerrin James
50%
CowboysEmmitt Smith
50%
SteelersFranco Harris
50%
49ersFrank Gore
50%
ChiefsJamaal Charles
50%
RavensJamal Lewis
50%
BrownsJim Brown
50%
PackersJim Taylor
50%
CommandersJohn Riggins
50%
ChargersLadainian Tomlinson
50%
RaidersMarcus Allen
50%
RamsMarshall Faulk
50%
JaguarsMaurice Jones-Drew
50%
BillsO.J. Simpson
50%
CardinalsOttis Anderson
50%
GiantsSaquon Barkley
50%
SeahawksShaun Alexander
50%
BroncosTerrell Davis
50%
FalconsBijan Robinson
0%
BuccaneersJames Wilder
0%
DolphinsLarry Csonka
0%
PatriotsRhamondre Stevenson
0%
EaglesSteve Van Buren
0%

Score Distribution

Percentile by Number Answered

Percent of People with Each Score

Your Score History

You have not taken this quiz since the last reset